000 00563cam a2200217 a 4500
001 000033774
003 DO-SdBNP
005 20220805111934.0
007 ta
008 730518s193u ck 000 0 spa d
040 _aDO-SdBNP
_bspa
_cBNPHU
082 _axxxx
_bA282
100 _aAguilar, Enrique
_959200
245 1 0 _aDon Cristobal /
_cEnrique Aguilar.
260 _aBogotá :
_bABC,
_c[193-?].
300 _a259 p. ;
_c21 cm.
500 _aIncluye vocabulario indígena.
590 _aInventariado, 2022/ YL
910 _aYLockward
942 _2ddc
_cLBS1
999 _c33265
_d33265